000 00735nam a2200265Ia 4500
003 OSt
005 20221007110525.0
006 a|||||r|||| 00| 0
007 ta
008 221006b |||||||| |||| 00| 0 eng d
020 _a471775681
024 _a21,279
037 _cTextual
040 _aLCO
_cLCO
_beng
041 _2eng
_aeng
082 _aY11:45, K9
100 _aSellin Thorsten Ed.
_9134972
245 0 _aDelinquency
_b Selected Studies
260 _aNew
_bYork John Wiley & Sons U.S.A.
_c1969
300 _a161
650 _aDELINQUENCY
700 _a Wolfgang Marvin E. Ed.
_9134973
942 _hY11:45, K9
_cTEXL
999 _c1190842
_d1190842